Advanced Engineering Thermodynamics (Record no. 6911)

MARC details
000 -LEADER
fixed length control field 00550nam a22002177a 4500
003 - CONTROL NUMBER IDENTIFIER
control field OSt
005 - DATE AND TIME OF LATEST TRANSACTION
control field 20231021124848.0
008 - FIXED-LENGTH DATA ELEMENTS--GENERAL INFORMATION
fixed length control field 210507b ||||| |||| 00| 0 eng d
020 ## - INTERNATIONAL STANDARD BOOK NUMBER
International Standard Book Number ‎ 978-1119052098
020 ## - INTERNATIONAL STANDARD BOOK NUMBER
International Standard Book Number 978047167763X
040 ## - CATALOGING SOURCE
Transcribing agency DDC
082 ## - DEWEY DECIMAL CLASSIFICATION NUMBER
Classification number 6211.4 BEJ 2016
100 ## - MAIN ENTRY--PERSONAL NAME
Personal name Bejan, Adrian
9 (RLIN) 14175
245 ## - TITLE STATEMENT
Title Advanced Engineering Thermodynamics
250 ## - EDITION STATEMENT
Edition statement 4th ed
260 ## - PUBLICATION, DISTRIBUTION, ETC. (IMPRINT)
Place of publication, distribution, etc. Newark :
Name of publisher, distributor, etc. Wiley,
Date of publication, distribution, etc. 2016
300 ## - PHYSICAL DESCRIPTION
Extent xl, 880p.:
Other physical details ill
Dimensions 27cm
650 ## - SUBJECT ADDED ENTRY--TOPICAL TERM
Topical term or geographic name as entry element Engineering
9 (RLIN) 373
650 ## - SUBJECT ADDED ENTRY--TOPICAL TERM
Topical term or geographic name as entry element Thermodynamics.
942 ## - ADDED ENTRY ELEMENTS (KOHA)
Source of classification or shelving scheme Other/Generic Classification Scheme
Koha item type Book
Holdings
Withdrawn status Lost status Source of classification or shelving scheme Damaged status Not for loan Home library Current library Date acquired Source of acquisition Inventory number Total Checkouts Full call number Barcode Date last seen Copy number Koha item type
    Dewey Decimal Classification     MUST Main Library MUST Main Library 07/05/2021 Purchase 21/41395   6211.4 BEJ 2016 2021-0486 07/05/2021 01 Open Shelf